Hacia un nuevo plan eléctrico (Registro nro. 16480)

Detalles MARC
000 -LEADER
fixed length control field 00355 a2200121 4500
001 - CONTROL NUMBER
control field ART_3533
005 - DATE AND TIME OF LATEST TRANSACTION
control field 20260410161715.0
008 - FIXED-LENGTH DATA ELEMENTS--GENERAL INFORMATION
fixed length control field 260409a
100 1# - MAIN ENTRY--PERSONAL NAME
Personal name Visintini, Alfredo
245 10 - TITLE STATEMENT
Title Hacia un nuevo plan eléctrico
700 1# - ADDED ENTRY--PERSONAL NAME
Personal name Bastos, Carlos
773 0# - HOST ITEM ENTRY
Title Desarrollo económico
Related parts - Vol. 27, Nº 107 (oct./dic. 1987)
Record control number REV1174

No hay ítems disponibles.